[Event "Oberliga Sued W 1415"]
[Site "Germany"]
[Date "2014.09.21"]
[Round "1.2"]
[White "Fritsche, Lutz"]
[Black "Mueller, Reinhold"]
[Result "1/2-1/2"]
[WhiteElo "2335"]
[BlackElo "2280"]
[PlyCount "119"]
[EventDate "2014.09.21"]
[EventType "team-tourn"]
[EventRounds "9"]
[EventCountry "GER"]
[SourceTitle "EXT 2019"]
[Source "ChessBase"]
[SourceDate "2018.10.10"]
[SourceVersion "1"]
[SourceVersionDate "2018.10.10"]
[SourceQuality "1"]
[WhiteTeam "Koblenz SV"]
[BlackTeam "Schwarzenbach Caissa"]
[WhiteTeamCountry "GER"]
[BlackTeamCountry "GER"]

1. e4 c5 2. Nc3 Nc6 3. g3 g6 4. Bg2 Bg7 5. d3 d6 6. Be3 e6 7. Nf3 Nd4 8. 0-0 Ne7 9. Rb1 0-0 10. Ne2 e5 11. c3 Nxf3+ 12. Bxf3 Be6 13. b4 Qc7 14. bxc5 dxc5 15. Qa4 Rfd8 16. Rfd1 b6 17. d4 cxd4 18. cxd4 exd4 19. Nxd4 Qc4 20. Rb4 Qxa2 21. Nxe6 Rxd1+ 22. Bxd1 Qxa4 23. Rxa4 fxe6 24. Bg4 Kf7 25. Bxb6 Nc6 26. Ra6 h5 27. Bd1 Bd4 28. Bc7 Nb4 29. Rd6 e5 30. Bb3+ Kg7 31. Rd7+ Kh6 32. Ba5 Nd3 33. Bd2+ g5 34. h4 Rf8 35. Bxg5+ Kg6 36. Be6 Rxf2 37. Kh1 Nc5 38. Bf5+ Rxf5 39. exf5+ Kxf5 40. Rxa7 Ne4 41. Rf7+ Kg4 42. Kg2 Nxg3 43. Rg7 Nf5 44. Rg8 Nxh4+ 45. Bxh4+ Kxh4 46. Kf3 Kh3 47. Rg3+ Kh2 48. Rg2+ Kh3 49. Rg3+ Kh2 50. Rg5 h4 51. Rg4 Kh3 52. Re4 Bc3 53. Re2 Bd4 54. Re1 Kh2 55. Rd1 h3 56. Rd2+ Kg1 57. Rc2 e4+ 58. Kxe4 h2 59. Rxh2 Kxh2 60. Kxd4 1/2-1/2

[Event "Copenhagen Challenge"]
[Site "Ballerup"]
[Date "2014.05.17"]
[Round "7"]
[White "Stefansson, Hannes"]
[Black "Mueller, Reinhold"]
[Result "1-0"]
[WhiteElo "2548"]
[BlackElo "2282"]
[PlyCount "69"]
[EventDate "2014.05.14"]
[EventType "swiss"]
[EventRounds "9"]
[EventCountry "DEN"]
[SourceTitle "CBM 160 Extra"]
[Source "ChessBase"]
[SourceDate "2014.07.01"]
[SourceVersion "1"]
[SourceVersionDate "2014.07.01"]
[SourceQuality "1"]

1. d4 Nf6 2. c4 c5 3. d5 e6 4. Nc3 exd5 5. cxd5 d6 6. Nf3 g6 7. Bf4 Bg7 8. Qa4+ Bd7 9. Qb3 Qc7 10. e4 0-0 11. Nd2 Re8 12. Be2 b5 13. Bxb5 Nxe4 14. Ncxe4 f5 15. 0-0 fxe4 16. Rae1 Bxb5 17. Qxb5 Nd7 18. Nxe4 Ne5 19. Qa6 Qf7 20. Bg3 Qxd5 21. Qxd6 Qxa2 22. Nf6+ Bxf6 23. Qxf6 Nd3 24. Re3 Qd5 25. Bd6 c4 26. h4 Qf7 27. Qd4 Rad8 28. Rxe8+ Rxe8 29. b3 Rc8 30. bxc4 Qxc4 31. Qxa7 Qxh4 32. Qd7 Qc4 33. Ra1 Nxf2 34. Be5 Nh3+ 35. Kh2 1-0